| 000 | 00453cam a2200181ua 4500 | ||
|---|---|---|---|
| 020 | _a81-7328-036-3 | ||
| 041 |
_aeng _h |
||
| 082 |
_a001.42 _bKOT/RE |
||
| 100 | _aKothari, C R . | ||
| 245 |
_aResearch methodology : Methods and Techniques / _cC R Kothari. _hTextual Documents |
||
| 250 |
_a2 / _b. |
||
| 260 |
_a : _bWiley Eastern Ltd , _c1985. |
||
| 300 | _a492 ; . | ||
| 504 | _a | ||
| 942 | _cBK | ||
| 999 |
_c3229 _d3229 |
||